| 000 | 00593cam a2200217 4500500 | ||
|---|---|---|---|
| 005 | 20260405003504.0 | ||
| 041 | _afre | ||
| 042 | _adc | ||
| 100 | 1 | 0 |
_aChambrun, Marius _eauthor |
| 245 | 0 | 0 | _aImitation |
| 260 | _c2022. | ||
| 500 | _a59 | ||
| 690 | _aImitation | ||
| 690 | _aMimèsis | ||
| 690 | _aMimétisme | ||
| 690 | _aPaul Ricœur | ||
| 690 | _aPlaton | ||
| 690 | _aSpinoza | ||
| 786 | 0 | _nPhilosophie magazine | 158 | 4 | 2022-04-01 | p. 55-55 | 1951-1787 | |
| 856 | 4 | 1 | _uhttps://shs.cairn.info/magazine-philosophie-magazine-2022-4-page-55?lang=fr&redirect-ssocas=7080 |
| 999 |
_c2068043 _d2068043 |
||